Responses for Show #6061 - Monday, January 10, 2011

Contestants

[<< previous game]

Margaret Murphy, an assistant housing manager from Davenport, Iowa

Michael Rose, a labor relations journalist from Washington, D.C.

Dan Jensen, a restaurant manager from Reston, Virginia (whose 2-day cash winnings total $40,202)

[next game >>]

Jeopardy! Round responses

ITALIAN ART & ARTISTS
I'M YOUR LOCAL SPORTS GUY
CONDIMENTIA
LAUNDRY DETERGENT
HOLIDAYS & OBSERVANCES
THE "CAR" POOL
    $200 1
the Mona Lisa

Dan
    $200 6
Cleveland

Michael
    $200 7
catsup

Dan
    $200 26
(Dan: What is Tide?)

Cheer

DanMargaret
    $200 18
Mexico

Dan
    $200 13
carnivorous

Michael
    $400 2
Adam & Eve

Dan
    $400 8
Tony Romo

Dan
    $400 12
mustard

Dan
    $400 27
Fab

Triple Stumper
    $400 19
(Dan: Who's Gabriel?)

St. John the Baptist (St. Jean Baptiste)

Dan
Triple Stumper
    $400 14
cartwheel

Dan
    $600 3
the Holy Spirit

Michael
    $600 9
Reggie Jackson

Dan
    $600 23
hot peppers (chili peppers)

Michael
    $600 28
All

Michael
    $600 20
Hanukkah

Michael
    $4,200 15
(Dan: What's Cartagena?)

Caracas

Dan
    $800 4
Dante

Dan
    $800 10
Wrigley Field

Dan
    $800 24
chutney

Michael
    $800 29
Tide

Dan
    $800 21
Secretary's Day

Dan
    $800 16
carbon

Dan
    $1000 5
The Fortune Teller

Triple Stumper
    $1000 11
Dennis Rodman

Michael
    $1000 25
tomatillos

Margaret
    $1000 30
Bold

Dan
    $1000 22
St. Patrick's Day

Dan
    $1000 17
cardiovascular

Margaret

Scores at the first commercial break (after clue 15):

Dan Michael Margaret
$0 $2,000 $0

Scores at the end of the Jeopardy! Round:

Dan Michael Margaret
$4,000 $4,600 $2,200

Double Jeopardy! Round responses

MONUMENTS & MEMORIALS
PLAYING HIMSELF
SCENE OF THE CRIME
THOSE ANIMALS FRIGHTEN ME!
A RIVER RUNS BETWEEN THEM
(Alex: You have to name the river that runs between the countries we give you.)
6-SYLLABLE WORDS
    $400 1
dogtags

Dan
    $400 16
Merv Griffin

Michael
    $400 21
Boston

Michael
    $400 11
bulls

Dan
    $400 2
the Rhine

Michael
    $400 26
an encyclopedia

Michael
    $800 5
India

Dan
    $800 17
Andy Richter

Dan
    $800 22
Dealey Plaza

Michael
    $800 12
reptiles (or snakes)

Dan
    $800 3
the Mekong

Michael
    $800 27
(Dan: What is prestidigitate?)

prestidigitation

DanMichael
    $1200 6
the Parthenon

Dan
    $1200 18
Bob Barker

Michael
    $1200 23
Baghdad

Michael
    $2,000 13
horses

Dan
    $1200 4
(Michael: What is the Danube?)

the Oder

Michael
Triple Stumper
    $1200 28
incomprehensible

Michael
    $1600 7
Chiang Kai-Shek

Michael
    $1600 19
John Malkovich

Michael
    $1600 24
(Michael: What is Montgomery?)

Birmingham

Michael
Triple Stumper
    $1600 14
(Michael: What are mice?)

worms

DanMichael
    $1600 9
the Orinoco

Dan
    $1600 29
counterinsurgency

Triple Stumper
    $2000 8
the Revolutionary War

Michael
    $2000 20
Jean Claude van Damme

Margaret
    $2000 25
Buffalo

Dan
    $2000 15
cats

Dan
    $2000 10
the Yalu River

Triple Stumper
    $4,000 30
(Michael: What is prehistoric?)

antediluvian

Michael

Scores at the end of the Double Jeopardy! Round:

Dan Michael Margaret
$16,800 $9,000 $4,200

[wagering suggestions for these scores]

Final Jeopardy! Round responses

SYMBOLS
MargaretWhat is the caduceus?
$1,200
MichaelWhat is the cadeuseus?
$6,599
DanWhat is the caduceus??
$1,201
the caduceus

Final scores:

Dan Michael Margaret
$18,001 $15,599 $5,400
3-day champion: $58,203 2nd place: $2,000 3rd place: $1,000

Game dynamics:

Coryat scores:

Dan Michael Margaret
$20,200 $13,000 $4,200
26 R
(including 1 DD),
4 W
(including 1 DD)
21 R,
4 W
(including 1 DD)
4 R,
0 W

Combined Coryat: $37,400

[game clues] [game scores] [suggest correction]

Game tape date: 2010-09-29
The J! Archive is created by fans, for fans. Scraping, republication, monetization, and malicious use prohibited; this site may use cookies and collect identifying information. See terms. The Jeopardy! game show and all elements thereof, including but not limited to copyright and trademark thereto, are the property of Jeopardy Productions, Inc. and are protected under law. This website is not affiliated with, sponsored by, or operated by Jeopardy Productions, Inc. Join the discussion at JBoard.tv.